000 00502nam a2200193Ia 4500
005 20221221112459.0
008 131103s9999 xx 000 0 und d
020 _aSBN 434740039
040 _aLoreto College
041 _aEnglish
082 _a813.52
_bSTE
100 _aSteinbeck,John
245 4 _aThe Grapes of wrath
_cJohn Steinbeck
260 _aLondon
_bHeinemann
_c1939 (1972 printing)
300 _a400 p.
650 _aAmerican Fiction - 20th Century
850 _aLCLIB
942 _cBK
999 _c11930
_d62409